Industriebetriebslehre Handbuch für Studium und Prüfung

Gespeichert in:
Bibliographische Detailangaben
Weitere Verfasser: Jacob, Herbert
Format: Buch
Sprache:Deutsch
Veröffentlicht: Wiesbaden Gabler 1990
Ausgabe:4. Aufl.
Schriftenreihe:Lehrbuch
Schlagworte:
Tags: Tag hinzufügen
Keine Tags, Fügen Sie das erste Tag hinzu!

MARC

LEADER 00000nam a2200000 4500
001 c006334
005 20221206122453.1
020 |a 3-409-33036-4 
041 0 |a ger 
044 |a DE 
245 1 0 |a Industriebetriebslehre  |b Handbuch für Studium und Prüfung  |c Edit. Herbert Jacob 
250 |a 4. Aufl. 
264 1 |a Wiesbaden  |b Gabler  |c 1990 
300 |a 934 s. 
490 1 |a Lehrbuch 
830 0 |a Lehrbuch 
610 2 0 |a Nemecko 
610 2 0 |a podnik priemyselný 
610 2 0 |a odvetvia priemyselné 
610 2 0 |a výskum 
610 2 0 |a vývoj 
610 2 0 |a doprava 
610 2 0 |a suroviny 
610 2 0 |a oceňovanie 
610 2 0 |a mzdy 
610 2 0 |a odbyt 
610 2 0 |a plánovanie výroby 
610 2 0 |a modely 
610 2 0 |a produkcia 
700 1 |a Jacob, Herbert